=LDR 00000nam 2200000 4500 =001 NUTBA000000000001345 =005 20210401085912 =035 ##$$a 0010-041400000000615 =008 210401################g##########0#ind## =020 ##$$a 978-979-526-073-8 =082 ##$$a 302.2 =100 1#$$a Widjaja. H.A.W =245 1#$$a Komunikasi : $b Komunukasi dan hubungan masyarakat =250 ##$$a cet.6 =260 ##$$a Jakarta :$b Bumi Aksara,$c 2010 =300 ##$$a xvi, 211 hlm ; $c 21x14 cm =084 ##$$a 302.2 WID k =650 #4$$a Komunikasi =990 ##$$a 21194806/BPAP-NTB/2014 =990 ##$$a 0001/BPAP-NTB/2016 =990 ##$$a 21302920 =990 ##$$a 21194806/BPAP-NTB/2014 =990 ##$$a 21302922 =990 ##$$a 21302920